| LEADER 00000nam 2200000uu 4500 |
| 001 13399118739 |
| 003 ULIBM |
| 008 2007s||||||||th 000 0 tha d |
| 020 ^a9789812714596
|
| 082 00 ^aค540.76^bL583T
|
| 100 0 ^aLeong Hock, Oon.
|
| 245 00 ^aTeacher edition Theorgl Workbook O Level Special Express /^cBy Oon Hock Leong
|
| 250 ^a1 st ed.
|
| 260 ^asingapore :^bEPB Pan Pacific,^c2007.
|
| 300 ^a186 p. :^bill. ;^c29.5 cm.
|
| 650 0 ^aChemistry^xExamination, question,etc.
|
| 650 0 ^aChemistry^xStudy and teaching.
|
| 700 0 ^aSai, Chin Lian.
|
| 999 ^aจริญญา
|
หนังสือดีน่าอ่าน

“ดั่งดวงแก้ว ส่องสว่าง ทางสายงาม”
จัดทำขึ้นเพื่อเฉลิมพระเกียรติ สมเด็จพระเทพรัตนราชสุดา ฯ สยามบรมราชกุมารี
เนื่องในโอกาสมหามงคลเฉลิมพระชนมพรรษา ๕ รอบ ๒ เมษายน ๒๕๕๘
โดยหนังสือเล่มนี้ได้รวบรวม ๖๐ พระอัจฉริยภาพของสมเด็จพระเทพ ฯ
ผู้อ่านจะได้รับแรงบันดาลใจให้พากเพียรเรียนรู้และขยันอดทนทำการงาน
ตามรอยเบื้องพระยุคลบาท เพราะพระองค์ทรงเป็นแบบอย่างอันดีเยี่ยมในทุกด้าน
ทั้งในความใฝ่รู้ใฝ่เรียน คุณธรรมจริยธรรม พระวิริยอุตสาหะในการทรงงาน
และอื่นๆอีกมากมาย ล้วนสามารถสร้างแรงบันดาลใจให้แก่เด็กและเยาวชน
อีกทั้งประชาชนทั่วไป ให้พากเพียรเรียนรู้และขยันอดทนทำการงานตามรอยพระยุคลบาท
เพื่อฝึกฝนตนเองให้เป็นคนดีคนเก่งของครอบครัวและสังคมต่อไป